[Event "Kimry-ch op"]
[Site "Kimry"]
[Date "2017.01.03"]
[Round "2"]
[White "Ipatov, Sergei"]
[Black "Mkrtchyan, Mikhail"]
[Result "1-0"]
[WhiteElo "1201"]
[BlackElo "1449"]
[PlyCount "41"]
[EventDate "2017.01.02"]
[EventType "swiss"]
[EventRounds "9"]
[EventCountry "RUS"]
[SourceTitle "EXT 2018"]
[Source "ChessBase"]
[SourceDate "2017.10.13"]
[SourceVersion "1"]
[SourceVersionDate "2017.10.13"]
[SourceQuality "1"]

1. e4 c5 2. c4 Nc6 3. Nc3 d6 4. d3 g6 5. Be2 Bg7 6. Bd2 Nf6 7. Nf3 0-0 8. 0-0 Bd7 9. h3 a6 10. a4 Qc7 11. Be3 Nh5 12. d4 Bxd4 13. Nxd4 Nf6 14. Nxc6 Qxc6 15. Bd3 Be6 16. b3 Nd7 17. Rc1 Ne5 18. f3 Qb6 19. Qd2 Qxb3 20. Bc2 Qxc3 21. Qxc3 1-0

[Event "Kimry Summer op"]
[Site "Kimry"]
[Date "2016.08.31"]
[Round "7"]
[White "Mkrtchyan, Mikhail"]
[Black "Bragin, Karl"]
[Result "1-0"]
[WhiteElo "1418"]
[BlackElo "1598"]
[PlyCount "55"]
[EventDate "2016.08.28"]
[EventType "swiss"]
[EventRounds "7"]
[EventCountry "RUS"]
[SourceTitle "CBM 174 Extra"]
[Source "ChessBase"]
[SourceDate "2016.10.10"]
[SourceVersion "1"]
[SourceVersionDate "2016.10.10"]
[SourceQuality "1"]

1. e4 c5 2. Nf3 Nc6 3. Bc4 e6 4. d4 b5 5. Bxb5 Qa5+ 6. Nc3 Rb8 7. Bxc6 dxc6 8. 0-0 Nf6 9. d5 Ba6 10. Re1 Rd8 11. Bg5 Be7 12. Bxf6 gxf6 13. Qd2 h6 14. Qe3 Bb7 15. Nh4 cxd5 16. exd5 Bxd5 17. Nf5 Bf8 18. Rad1 Bc6 19. Rxd8+ Qxd8 20. Rd1 Qc7 21. Ne4 Rg8 22. Ned6+ Bxd6 23. Nxd6+ Kf8 24. Qxc5 Rxg2+ 25. Kf1 Kg8 26. Ne4 Rxh2 27. Nxf6+ Kh8 28. Qf8# 1-0

[Event "Kimry Summer op2"]
[Site "Kimry"]
[Date "2015.08.26"]
[Round "2"]
[White "Mkrtchyan, Mikhail"]
[Black "Zavyalov, Nikita"]
[Result "1-0"]
[WhiteElo "1509"]
[BlackElo "1439"]
[PlyCount "55"]
[EventDate "2015.08.26"]
[EventType "swiss"]
[EventRounds "7"]
[EventCountry "RUS"]
[SourceTitle "EXT 2016"]
[Source "ChessBase"]
[SourceDate "2015.10.08"]
[SourceVersion "1"]
[SourceVersionDate "2015.10.08"]
[SourceQuality "1"]

1. e4 c5 2. Nf3 e6 3. Nc3 Nc6 4. Bc4 Nge7 5. 0-0 g6 6. d3 Bg7 7. Be3 b6 8. Rb1 0-0 9. Bf4 d6 10. Nb5 e5 11. Bg5 a6 12. Nc3 Qe8 13. Nd5 Nxd5 14. Bxd5 Bb7 15. Nd2 Qd7 16. Qf3 b5 17. Qg3 Ne7 18. Bb3 Kh8 19. f4 f5 20. Qh4 Rae8 21. Rf3 fxe4 22. Rh3 h5 23. g4 d5 24. gxh5 gxh5 25. Qxh5+ Kg8 26. Qh7+ Kf7 27. Rh6 Ng8 28. Qg6# 1-0

[Event "Kimry Summer op 69th"]
[Site "Kimry"]
[Date "2014.06.08"]
[Round "2"]
[White "Mkrtchyan, Mikhail"]
[Black "Malkov, Gleb"]
[Result "0-1"]
[WhiteElo "1419"]
[BlackElo "1588"]
[PlyCount "80"]
[EventDate "2014.06.08"]
[EventType "swiss"]
[EventRounds "7"]
[EventCountry "RUS"]
[SourceTitle "CBM 160 Extra"]
[Source "ChessBase"]
[SourceDate "2014.07.01"]
[SourceVersion "1"]
[SourceVersionDate "2014.07.01"]
[SourceQuality "1"]

1. e4 e6 2. f4 d5 3. d3 dxe4 4. d4 c5 5. Be3 Nf6 6. Nc3 cxd4 7. Qxd4 Qxd4 8. Bxd4 Nd5 9. Nxe4 Nxf4 10. Be5 Ng6 11. Bxb8 Rxb8 12. 0-0-0 Bd7 13. Nf3 Bc6 14. Bd3 Nf4 15. g3 Nxd3+ 16. cxd3 f5 17. Ned2 Rc8 18. Kb1 g5 19. Rhe1 Bxf3 20. Nxf3 g4 21. Nh4 Kf7 22. Re5 Bg7 23. Re2 Bf6 24. Ng2 h5 25. Rde1 e5 26. Rf1 Kg6 27. Nh4+ Bxh4 28. gxh4 Rce8 29. Rfe1 Kf6 30. d4 e4 31. Rf1 Kg6 32. Rc2 Re7 33. Rc5 Rf8 34. Rg1 f4 35. Rg5+ Kh6 36. Rc1 e3 37. Kc2 Rc8+ 38. Rc5 Rxc5+ 39. dxc5 Rd7 40. Re1 f3 0-1